| 000 | 01795cam a2200373 i 4500 | ||
|---|---|---|---|
| 001 | bcotR000002 | ||
| 005 | 20210215102132.0 | ||
| 006 | m o d | ||
| 007 | cr cn ---uuuuu | ||
| 008 | 131105s2013 xx o 000 0 eng d | ||
| 035 | _a(Sirsi) sarah0026564 | ||
| 035 | _a(OCoLC)884029014 | ||
| 037 |
_bBCOpenCampus _cCostFree _fFormOnline _gAccessOpen |
||
| 040 |
_aBNM _beng _dCaBSKC _erda |
||
| 050 | 4 |
_aP90 _bC66 2013 |
|
| 245 | 0 | 0 | _aCommunication theory |
| 264 | 1 | _bWikibooks.org, | |
| 264 | 2 | _bBCcampus, BC Open Textbook Project | |
| 300 | _a1 online resource (119 pages) | ||
| 500 | _aThis work is licensed under the Creative Commons Attribution-NonCommercial-ShareAlike License. | ||
| 500 | _aThis bibliographic record is available under the Creative Commons CC0 "No Rights Reserved" license. | ||
| 520 | _a"This book is an introduction to communication theory - the theory of how humans share, encode, and decode what they know, what they need, and what they expect from each other."--BCcampus website. | ||
| 588 | _aDescription based on version viewed on BCcampus OpenEd website; title from pdf title page. | ||
| 650 | 0 |
_aCommunication _vTextbooks. |
|
| 655 | 0 | _aElectronic books. | |
| 710 | 2 |
_aBC Open Textbook Project, _edistributor. |
|
| 710 | 2 | _aBCcampus. | |
| 856 | 4 | 0 |
_3BC Open Textbook Project _uhttps://open.bccampus.ca/find-open-textbooks/?uuid=df4d269a-aaa6-47dd-9cb3-4f4eb381154f |
| 856 | 4 | 0 |
_3BC Open Textbook Project PDF _uhttp://solr.bccampus.ca:8001/bcc/items/df4d269a-aaa6-47dd-9cb3-4f4eb381154f/1/?attachment.uuid=6d3199db-6ff6-43f2-aa85-b5a186fcf31a |
| 999 |
_c28168 _d28168 |
||